MARC

LEADER 00000nas a22000007a 4500
001 ssj0005130
003 WaSeSS
005 20200512172242.0
006 m d
007 cr n
008 000718c19849999caubr pss 0 a0eng c
010 |a  2007213870 
016 7 |a 012433260  |2 Uk 
022 |a 1937-4194  |l 0740-7459  |y 0740-7459 
035 |a (WaSeSS)ssj0005130 
037 |b IEEE Service Center, 445 Hoes Lane, Piscataway, NJ 08854 
040 |a NTD  |b eng  |c NTD  |d OCLCQ  |d MUQ  |d DRB  |d NSD  |d IUL  |d OCLCQ  |d OCLCE  |d OCLCQ  |d OCLCF  |d OCLCQ  |d UKMGB  |d VT2  |d WaSeSS 
042 |a pcc  |a nsdp 
050 4 |a QA76.A1  |b .I32 
082 0 0 |a 005.3/05  |2 19 
130 0 |a IEEE software (Online) 
210 0 |a IEEE softw.  |b (Online) 
222 0 |a IEEE software (Online) 
245 1 0 |a IEEE software  |h [electronic resource]. 
246 3 0 |a Software 
260 |a [Los Alamitos, CA] :  |b [IEEE Computer Society] 
310 |a Bimonthly,  |b 1985- 
321 |a Quarterly,  |b 1984 
362 1 |a Print began with vol. 1, no. 1 (Jan. 1984). 
506 |a License restrictions may limit access. 
538 |a Mode of access: World Wide Web. 
588 |a Description based on: Vol. 5, no. 1 (Jan. 1988); title from homepage (IEEExplore viewed Jul. 18, 2000). 
588 |a Latest issue consulted: Vol. 24, issue 5 (Sept./Oct. 2007) (IEEExplore viewed on Sept. 17, 2007). 
650 0 |a Computer software  |v Periodicals. 
650 0 |a Computer programming  |v Periodicals. 
650 6 |a Logiciels  |v Périodiques. 
650 6 |a Programmation (Informatique)  |v Périodiques. 
650 7 |a Computer programming.  |2 fast  |0 (OCoLC)fst00872390 
650 7 |a Computer software.  |2 fast  |0 (OCoLC)fst00872527 
650 1 7 |a Software.  |2 gtt 
655 0 |a Electronic journals. 
710 2 |a IEEE Computer Society. 
776 0 8 |i Print version:  |t IEEE software  |x 0740-7459  |w (DLC) 89644395  |w (OCoLC)10024196 
856 4 0 |z Full text available from Research Library: 01/01/1984 to 03/31/2012  |u https://search.proquest.com/publication/37787